[Event "LGA Premium Cup"]
[Site "schach.lga.de"]
[Date "2005.09.11"]
[Round "7.27"]
[White "Helmbold, Irene"]
[Black "Bildt, Thomas"]
[Result "1/2-1/2"]
[WhiteElo "1993"]
[BlackElo "2084"]
[PlyCount "57"]
[EventDate "2005.09.11"]
[SourceDate " "]

1. e4 e5 2. Nf3 Nc6 3. Nc3 Bc5 4. Nxe5 Nxe5 5. d4 Bd6 6. dxe5 Bxe5 7. Bd2 d6 8.
Bc4 Be6 9. Bxe6 fxe6 10. Qe2 Nf6 11. O-O-O Qd7 12. f4 Bxc3 13. Bxc3 O-O-O 14.
Rhe1 Rhf8 15. g3 d5 16. Bxf6 Rxf6 17. exd5 exd5 18. Qe7 Rd6 19. Rd2 Qxe7 20.
Rxe7 R6d7 21. Rde2 c6 22. Kd2 Rxe7 23. Rxe7 Rd7 24. Rxd7 Kxd7 25. Kd3 Kd6 26.
g4 c5 27. Ke3 g6 28. a3 b6 29. h3 1/2-1/2

[Event "LGA Premium Cup"]
[Site "schach.lga.de"]
[Date "2005.09.11"]
[Round "7.28"]
[White "Seyb, Alexander"]
[Black "Golder, Waldemar"]
[Result "1-0"]
[WhiteElo "2081"]
[BlackElo "1690"]
[PlyCount "25"]
[EventDate "2005.09.11"]
[SourceDate " "]

1. e4 e6 2. d4 d5 3. Nc3 dxe4 4. Nxe4 Nd7 5. Nf3 Ngf6 6. Nxf6+ Nxf6 7. c3 c5 8.
Ne5 cxd4 9. Bb5+ Nd7 10. Qf3 Qf6 11. Nxd7 Bxd7 12. Bxd7+ Kd8 13. Qxf6+ 1-0

[Event "LGA Premium Cup"]
[Site "schach.lga.de"]
[Date "2005.09.11"]
[Round "7.29"]
[White "Lange, Carsten"]
[Black "Zwingel, Stephan"]
[Result "1/2-1/2"]
[WhiteElo "2077"]
[BlackElo "1879"]
[PlyCount "24"]
[EventDate "2005.09.11"]
[SourceDate " "]

1. Nf3 g6 2. c4 Bg7 3. g3 d6 4. Bg2 c5 5. O-O Nf6 6. d4 O-O 7. Nc3 Nc6 8. b3 a6
9. Bb2 Rb8 10. dxc5 dxc5 11. Nd5 Nxd5 12. Bxg7 Ne3 1/2-1/2

[Event "LGA Premium Cup"]
[Site "schach.lga.de"]
[Date "2005.09.11"]
[Round "7.30"]
[White "Fuhrmann, Max"]
[Black "Dinger, Florian"]
[Result "1/2-1/2"]
[WhiteElo "1956"]
[BlackElo "2179"]
[PlyCount "50"]
[EventDate "2005.09.11"]
[SourceDate " "]

1. e4 c5 2. Nf3 d6 3. d4 cxd4 4. Nxd4 Nf6 5. Nc3 a6 6. Be2 e5 7. Nb3 Be6 8. Bg5
Nbd7 9. Nd5 h6 10. Bxf6 Nxf6 11. Nxf6+ gxf6 12. Bg4 Qd7 13. Bxe6 fxe6 14. Qd2
d5 15. exd5 exd5 16. O-O-O O-O-O 17. f3 Rh7 18. Kb1 Qe6 19. Rhe1 h5 20. Re2 Rc7
21. Qa5 Qc6 22. Red2 b5 23. Na1 Kb7 24. Rd3 Rcd7 25. R1d2 Ka8 1/2-1/2

[Event "LGA Premium Cup"]
[Site "schach.lga.de"]
[Date "2005.09.11"]
[Round "7.31"]
[White "Gohlke, Herbert"]
[Black "Klein, Waldemar"]
[Result "1-0"]
[WhiteElo "2166"]
[BlackElo "2008"]
[PlyCount "121"]
[EventDate "2005.09.11"]
[SourceDate " "]

1. e4 c6 2. f4 d5 3. e5 g6 4. d4 h5 5. Bd3 Bg4 6. Nf3 e6 7. c3 Nh6 8. Be3 Nf5
9. Bf2 Qb6 10. b3 Bh6 11. h3 Bxf3 12. Qxf3 Bg7 13. g3 Nd7 14. Nd2 O-O-O 15. a4
Qc7 16. b4 Rdg8 17. Nb3 Bf8 18. Kd2 Kb8 19. g4 Ne7 20. Bh4 Nc8 21. a5 Be7 22.
Bxe7 Nxe7 23. Nc5 Nc8 24. Nxd7+ Qxd7 25. f5 Qe7 26. f6 hxg4 27. hxg4 Qf8 28.
Rxh8 Rxh8 29. Rh1 Qg8 30. Rh3 b5 31. Qh1 Rxh3 32. Qxh3 Kc7 33. Qh6 Kd7 34. Ke3
g5 35. a6 Ke8 36. Kd2 Kd7 37. Kc2 Ke8 38. Kb3 Kd7 39. Qh2 Ke8 40. Qh5 Nb6 41.
Kc2 Nc8 42. Qh6 Kd7 43. Kd2 Ke8 44. Ke2 Kd7 45. Kf3 Ke8 46. Kg3 Kd7 47. Qh5 Ke8
48. Bc2 Nb6 49. Bd3 Nc8 50. Bh7 Qh8 51. Qh6 Kd7 52. Kf3 Ke8 53. Qh5 Nb6 54. Bg6
Qg8 55. Bxf7+ Qxf7 56. Qxg5 Na4 57. Qh6 Qf8 58. g5 Nb6 59. Qh7 Kd8 60. g6 Nd7
61. g7 1-0

[Event "LGA Premium Cup"]
[Site "schach.lga.de"]
[Date "2005.09.11"]
[Round "7.32"]
[White "Sippl, Martin"]
[Black "Zeitler, Hans-Jürgen"]
[Result "1-0"]
[WhiteElo "2092"]
[BlackElo "1950"]
[PlyCount "55"]
[EventDate "2005.09.11"]
[SourceDate " "]

1. e4 c5 2. Nf3 d6 3. d4 cxd4 4. Nxd4 Nf6 5. Nc3 g6 6. Be3 Bg7 7. f3 O-O 8. Bc4
Nc6 9. Qd2 Bd7 10. g4 Rc8 11. Bb3 Ne5 12. O-O-O Nc4 13. Bxc4 Rxc4 14. h4 h5 15.
gxh5 Nxh5 16. Nb3 b5 17. Bh6 a5 18. Nd5 a4 19. Bxg7 Kxg7 20. Nd4 e6 21. Ne3 Rc5
22. Ne2 Rc6 23. Ng4 Qc7 24. Qh6+ Kg8 25. Ng3 Rxc2+ 26. Kb1 a3 27. Rc1 Rc8 28.
Nxh5 1-0

[Event "LGA Premium Cup"]
[Site "schach.lga.de"]
[Date "2005.09.11"]
[Round "7.33"]
[White "Demburg, Dimitrij"]
[Black "Birkmann, Günther"]
[Result "1-0"]
[WhiteElo "1927"]
[BlackElo "2078"]
[PlyCount "85"]
[EventDate "2005.09.11"]
[SourceDate " "]

1. e4 c5 2. Nc3 Nc6 3. g3 g6 4. Bg2 Bg7 5. d3 e6 6. Be3 Nd4 7. f4 Ne7 8. Nf3 d5
9. Bf2 Nxf3+ 10. Bxf3 d4 11. Ne2 Qa5+ 12. Kf1 Bd7 13. a3 Rc8 14. Kg2 O-O 15. h4
Bc6 16. h5 f5 17. hxg6 hxg6 18. Ng1 e5 19. Nh3 fxe4 20. dxe4 Bd7 21. Bg4 Qc7
22. Ng5 Qc6 23. Bxd7 Qxd7 24. f5 Nxf5 25. exf5 Qxf5 26. Be3 e4 27. Bf4 e3 28.
Qd3 Qd5+ 29. Qe4 Qxe4+ 30. Nxe4 b6 31. Rh4 Rce8 32. Bd6 Rf5 33. Rf1 Rd5 34. Rg4
Rxe4 35. Rxe4 Rxd6 36. Re8+ Kh7 37. Rh1+ Bh6 38. Re7+ Kg8 39. Rxh6 Rf6 40. Rxa7
Rf2+ 41. Kh3 Rxc2 42. Rxg6+ Kf8 43. Rxb6 1-0

[Event "LGA Premium Cup"]
[Site "schach.lga.de"]
[Date "2005.09.11"]
[Round "7.34"]
[White "Ahlich, Thomas"]
[Black "Seidel, Michael"]
[Result "0-1"]
[WhiteElo "1896"]
[BlackElo "2076"]
[PlyCount "50"]
[EventDate "2005.09.11"]
[SourceDate " "]

1. e4 d6 2. d4 Nf6 3. f3 g6 4. c4 Bg7 5. Nc3 O-O 6. Be3 e5 7. d5 Nh5 8. Qd2 f5
9. exf5 gxf5 10. Bd3 Nd7 11. O-O-O Ndf6 12. Nge2 Kh8 13. g4 fxg4 14. fxg4 Nxg4
15. Bg5 Qe8 16. Ne4 Nf2 17. Nxf2 Rxf2 18. Bh4 Rg2 19. Rdg1 Rg4 20. Rxg4 Bxg4
21. Rg1 Bxe2 22. Bxe2 Nf6 23. Bg4 Qg6 24. Rg3 Bh6 25. Bh5 Nxh5 0-1

[Event "LGA Premium Cup"]
[Site "schach.lga.de"]
[Date "2005.09.11"]
[Round "7.35"]
[White "Morgenstern, Petra"]
[Black "Götz, Dieter"]
[Result "1-0"]
[WhiteElo "2036"]
[BlackElo "1857"]
[PlyCount "103"]
[EventDate "2005.09.11"]
[SourceDate " "]

1. d4 Nf6 2. Nf3 d6 3. c4 Nbd7 4. Nc3 e5 5. Bg5 Be7 6. e3 O-O 7. Qc2 Re8 8. Rd1
exd4 9. Nxd4 Nf8 10. Be2 Ng6 11. O-O c6 12. Rd2 h6 13. Bxf6 Bxf6 14. Rfd1 Be7
15. Nf5 Bxf5 16. Qxf5 Qc7 17. b4 Rad8 18. a3 Bf6 19. Qc2 Qe7 20. b5 Qe5 21. Rd3
Qe6 22. R3d2 Qe5 23. Na2 cxb5 24. cxb5 Qc5 25. Nb4 Rc8 26. Qa2 Red8 27. Rd5 Qb6
28. Rf5 Ne7 29. Nd5 Nxd5 30. Rfxd5 Rc5 31. a4 Rxd5 32. Qxd5 Qc7 33. Bf3 b6 34.
Qc6 Rd7 35. Bg4 Qxc6 36. bxc6 Rc7 37. Rxd6 Be5 38. Rd8+ Kh7 39. Bd7 Kg6 40. Re8
Bd6 41. Kf1 Kf6 42. Ke2 Bc5 43. e4 Bd6 44. g3 g5 45. Ke3 Bc5+ 46. Ke2 Bd6 47.
f3 Be5 48. Kd3 Bd6 49. Kd4 Bc5+ 50. Kd5 a5 51. e5+ Kg6 52. Rb8 1-0

[Event "LGA Premium Cup"]
[Site "schach.lga.de"]
[Date "2005.09.11"]
[Round "7.36"]
[White "Vogiatzis, Joannis"]
[Black "Yin, Zixiao"]
[Result "1/2-1/2"]
[WhiteElo "2034"]
[BlackElo "1849"]
[PlyCount "44"]
[EventDate "2005.09.11"]
[SourceDate " "]

1. e4 e5 2. Nf3 d6 3. Bc4 Be7 4. O-O Nf6 5. Re1 Bg4 6. h3 Bh5 7. d3 O-O 8. c3
c6 9. Bb3 Nbd7 10. Nbd2 Nc5 11. Bc2 Ne6 12. Nf1 h6 13. Ng3 Bg6 14. Nh4 Bh7 15.
Nhf5 Ne8 16. Nxe7+ Qxe7 17. d4 exd4 18. cxd4 Qf6 19. Be3 N8c7 20. a4 Rfe8 21.
Qd2 Ng5 22. f3 Qg6 1/2-1/2

[Event "LGA Premium Cup"]
[Site "schach.lga.de"]
[Date "2005.09.11"]
[Round "7.37"]
[White "Süß, Stefan"]
[Black "Meyer, Friedrich"]
[Result "1/2-1/2"]
[WhiteElo "2020"]
[BlackElo "1837"]
[PlyCount "31"]
[EventDate "2005.09.11"]
[SourceDate " "]

1. e4 d6 2. d4 g6 3. Nc3 Bg7 4. Be3 a6 5. a4 b6 6. f3 Nd7 7. Bc4 Bb7 8. Nge2 e5
9. Qd2 Bh6 10. Bxh6 Qh4+ 11. g3 Qxh6 12. O-O-O Qxd2+ 13. Rxd2 exd4 14. Nxd4 Ne5
15. Be2 Ne7 16. f4 1/2-1/2

[Event "LGA Premium Cup"]
[Site "schach.lga.de"]
[Date "2005.09.11"]
[Round "7.39"]
[White "Poysti, Nathanael"]
[Black "Werner, Thomas"]
[Result "0-1"]
[WhiteElo "2010"]
[BlackElo "1938"]
[PlyCount "62"]
[EventDate "2005.09.11"]
[SourceDate " "]

1. d4 d5 2. c4 c6 3. Nc3 Nf6 4. e3 e6 5. Nf3 Nbd7 6. Bd3 dxc4 7. Bxc4 b5 8. Bd3
a6 9. O-O c5 10. e4 Bb7 11. e5 cxd4 12. Nxb5 axb5 13. exf6 gxf6 14. Nxd4 Rg8
15. g3 e5 16. Nf5 Qb6 17. Qe2 Qc6 18. f3 Bc5+ 19. Kg2 Qe6 20. Bh6 O-O-O 21. b4
Bd4 22. Rac1+ Kb8 23. Be4 Nb6 24. Bxb7 Qxf5 25. Be4 Qe6 26. Rc6 Rd6 27. Rxd6
Qxd6 28. Qxb5 Rc8 29. Qa6 Rc7 30. Rc1 Ra7 31. Rc8+ Nxc8 0-1

[Event "LGA Premium Cup"]
[Site "schach.lga.de"]
[Date "2005.09.11"]
[Round "7.40"]
[White "Wagner, Florian"]
[Black "Hirschberg, Valerian"]
[Result "1/2-1/2"]
[WhiteElo "2010"]
[BlackElo "1810"]
[PlyCount "20"]
[EventDate "2005.09.11"]
[SourceDate " "]

1. e4 c6 2. d4 d5 3. Nc3 dxe4 4. Nxe4 Nd7 5. Ng5 Ngf6 6. Bd3 e6 7. Ne2 h6 8.
Nxe6 fxe6 9. Bg6+ Ke7 10. Rf1 Nb6 1/2-1/2

[Event "LGA Premium Cup"]
[Site "schach.lga.de"]
[Date "2005.09.11"]
[Round "7.41"]
[White "Ter-Akopyan, Bagrat"]
[Black "Hohner, Karl-Heinz"]
[Result "0-1"]
[WhiteElo "1813"]
[BlackElo "1991"]
[PlyCount "76"]
[EventDate "2005.09.11"]
[SourceDate " "]

1. e4 e6 2. d4 d5 3. Nd2 Nf6 4. e5 Nfd7 5. Bd3 c5 6. c3 Nc6 7. Ne2 f6 8. exf6
Nxf6 9. Nf3 Bd6 10. O-O O-O 11. Re1 Qc7 12. Ng3 e5 13. dxe5 Nxe5 14. Nxe5 Bxe5
15. Bc2 Bg4 16. Qd2 Rae8 17. Bd1 Bf4 18. Rxe8 Bxd2 19. Rxf8+ Kxf8 20. Bxd2 Bxd1
21. Rxd1 Qa5 22. a3 Qa4 23. Re1 Qc2 24. Re2 d4 25. cxd4 Qd1+ 26. Be1 cxd4 27.
Kf1 Qb1 28. Rd2 d3 29. f3 Nd5 30. Kf2 Nb6 31. b3 Qxb3 32. Ne4 Nc4 33. Nc5 Qb6
34. Rxd3 Qxc5+ 35. Kf1 Ke8 36. Bb4 Qb5 37. Kf2 a5 38. Bc3 Qb1 0-1

[Event "LGA Premium Cup"]
[Site "schach.lga.de"]
[Date "2005.09.11"]
[Round "7.42"]
[White "Güldner, Udo"]
[Black "Kirch, Daniel"]
[Result "0-1"]
[WhiteElo "1975"]
[BlackElo "1972"]
[PlyCount "40"]
[EventDate "2005.09.11"]
[SourceDate " "]

1. d4 Nf6 2. Nf3 e6 3. e3 b6 4. Bd3 Bb7 5. Nbd2 d5 6. O-O c5 7. c3 Be7 8. Ne5
O-O 9. f4 Qc8 10. g4 Ba6 11. g5 Nfd7 12. Bxh7+ Kxh7 13. Qh5+ Kg8 14. g6 fxg6
15. Nxg6 Qe8 16. Nf3 Nc6 17. Qh8+ Kf7 18. Nge5+ Ncxe5 19. Nxe5+ Nxe5 20. fxe5+
Bxf1 0-1

[Event "LGA Premium Cup"]
[Site "schach.lga.de"]
[Date "2005.09.11"]
[Round "7.43"]
[White "Laibold, Lorenz"]
[Black "Dehmel, Stefanie"]
[Result "0-1"]
[WhiteElo "1749"]
[BlackElo "1968"]
[PlyCount "46"]
[EventDate "2005.09.11"]
[SourceDate " "]

1. e4 c5 2. Nf3 Nc6 3. d4 cxd4 4. Nxd4 Nf6 5. Nc3 e5 6. Nb3 Bb4 7. Bc4 Qc7 8.
O-O Nd4 9. Nxd4 Qxc4 10. Nf5 O-O 11. Re1 Bxc3 12. bxc3 d5 13. Ne7+ Kh8 14. exd5
Qxc3 15. Bg5 Bd7 16. Rb1 b6 17. Rb3 Qc5 18. Nc6 Nxd5 19. Nxe5 Ba4 20. Rh3 Bxc2
21. Qh5 Qc7 22. Bc1 Kg8 23. Nxf7 Qxf7 0-1

[Event "LGA Premium Cup"]
[Site "schach.lga.de"]
[Date "2005.09.11"]
[Round "7.44"]
[White "Kordts, Florian"]
[Black "Koellner, Ulrich"]
[Result "0-1"]
[WhiteElo "1719"]
[BlackElo "1952"]
[PlyCount "60"]
[EventDate "2005.09.11"]
[SourceDate " "]

1. c4 Nf6 2. Nc3 d5 3. cxd5 Nxd5 4. g3 c6 5. Bg2 g6 6. Nf3 Bg7 7. O-O O-O 8. d4
Re8 9. Re1 Nd7 10. Nxd5 cxd5 11. Bf4 e5 12. dxe5 Nxe5 13. Nxe5 Bxe5 14. Bxe5
Rxe5 15. Qb3 Qe7 16. Bxd5 Be6 17. Bxe6 Rxe6 18. e3 Rc8 19. Rac1 Rec6 20. Rxc6
Rxc6 21. Rd1 Qc7 22. Qb5 a6 23. Qe2 Rc2 24. Rd2 Rc1+ 25. Kg2 Qc6+ 26. Qf3 Rg1+
27. Kxg1 Qxf3 28. h4 Qc6 29. Re2 Qc4 30. Kf1 Qxa2 0-1

[Event "LGA Premium Cup"]
[Site "schach.lga.de"]
[Date "2005.09.11"]
[Round "7.45"]
[White "Rabenstein, Christian"]
[Black "Zier, Verena"]
[Result "1/2-1/2"]
[WhiteElo "1678"]
[BlackElo "1854"]
[PlyCount "69"]
[EventDate "2005.09.11"]
[SourceDate " "]

1. c4 e6 2. d3 d5 3. cxd5 exd5 4. Nf3 Nf6 5. Bg5 c6 6. Nc3 h6 7. Bh4 Bf5 8. e3
Be7 9. Be2 Nbd7 10. O-O O-O 11. a3 Re8 12. Re1 Qc7 13. Rc1 Bg6 14. Bg3 Qd8 15.
h3 Rc8 16. Nh2 Nf8 17. Ng4 d4 18. exd4 Qxd4 19. Be5 Qd8 20. Nxf6+ Bxf6 21. Bxf6
Qxf6 22. Bg4 Rxe1+ 23. Qxe1 Rd8 24. Rd1 Rxd3 25. Rxd3 Bxd3 26. Qe3 Ba6 27. Qxa7
Qf4 28. Qe3 Qxe3 29. fxe3 Ng6 30. Bc8 Ne7 31. Bg4 Ng6 32. Na4 Ne5 33. Bc8 Bb5
34. Nb6 Ba6 35. Na4 1/2-1/2

[Event "LGA Premium Cup"]
[Site "schach.lga.de"]
[Date "2005.09.11"]
[Round "7.46"]
[White "Deinlein, Albert"]
[Black "Babichev, Vyacheslav"]
[Result "0-1"]
[WhiteElo "1630"]
[BlackElo "1742"]
[PlyCount "130"]
[EventDate "2005.09.11"]
[SourceDate " "]

1. e4 g6 2. d4 d6 3. Nf3 Bg7 4. c3 Nf6 5. Qc2 O-O 6. Be2 b6 7. O-O Bb7 8. Nbd2
Nbd7 9. Rd1 Re8 10. b4 Rc8 11. Bb2 c5 12. bxc5 bxc5 13. d5 Rb8 14. Rab1 Qc7 15.
c4 Nb6 16. Bc3 Ba6 17. Ba5 Qd7 18. Bxb6 axb6 19. a4 e6 20. Bd3 exd5 21. exd5
Ng4 22. h3 Ne5 23. Nxe5 Bxe5 24. Nf3 Bg7 25. Re1 Bf6 26. Rxe8+ Qxe8 27. Re1 Qd7
28. Kf1 Ra8 29. Qb3 Bd8 30. Bc2 Qb7 31. Kg1 Bf6 32. Rb1 Rb8 33. Qd3 Qa7 34. Qe4
Rf8 35. Re1 Bc8 36. Qf4 Be7 37. g4 Kg7 38. Qe3 Re8 39. Kg2 Bd7 40. Qb3 f6 41.
Qc3 Kf7 42. Qb3 Ra8 43. Ra1 Bf8 44. g5 Bg7 45. Qe3 Re8 46. Qf4 Qc7 47. gxf6
Bxf6 48. Ra3 Kg7 49. h4 Be5 50. Nxe5 dxe5 51. Qg3 Qd6 52. h5 Re7 53. hxg6 hxg6
54. Ra1 Rf7 55. a5 bxa5 56. Rxa5 Rf4 57. f3 Rxc4 58. Be4 Ra4 59. Rxc5 Rxe4 60.
fxe4 Qxc5 61. Qxe5+ Kg8 62. Qb8+ Qc8 63. Qb3 Kh7 64. Qd3 Qc1 65. Qe2 Qg5+ 0-1

[Event "LGA Premium Cup"]
[Site "schach.lga.de"]
[Date "2005.09.11"]
[Round "7.47"]
[White "Kanewski, Josef"]
[Black "Hofer, Markus"]
[Result "1-0"]
[WhiteElo "2088"]
[BlackElo "1645"]
[PlyCount "120"]
[EventDate "2005.09.11"]
[SourceDate " "]

1. d4 d5 2. c4 e6 3. Nc3 Nf6 4. cxd5 exd5 5. Bg5 Nbd7 6. e3 c6 7. Qc2 Bd6 8.
Bd3 h6 9. Bh4 O-O 10. Nge2 Re8 11. Ng3 Nf8 12. Nf5 Bxf5 13. Bxf5 Be7 14. O-O
Ne4 15. Bxe7 Qxe7 16. Bxe4 dxe4 17. d5 Rac8 18. Rac1 cxd5 19. Nxd5 Qd7 20. Qb3
Ne6 21. Rxc8 Qxc8 22. Qb4 Nc5 23. Rc1 Nd3 24. Rxc8 Rxc8 25. Ne7+ Kh7 26. Nxc8
Nxb4 27. a3 Nd3 28. b4 Ne5 29. Nd6 b6 30. Nxe4 Nc4 31. a4 a5 32. bxa5 bxa5 33.
Kf1 Kg8 34. Ke2 Kf8 35. Nc3 Ke7 36. Kd3 Nb6 37. Kd4 Kd6 38. e4 f6 39. f4 g5 40.
f5 Nd7 41. Nd5 Kc6 42. g4 Kb7 43. h3 Kc6 44. Ne7+ Kc7 45. Ng8 Kd8 46. Kc4 Ke8
47. Nxf6+ Nxf6 48. e5 Nd7 49. e6 Nf6 50. Kb5 Ke7 51. Kxa5 Nxg4 52. hxg4 h5 53.
gxh5 g4 54. h6 g3 55. h7 g2 56. h8=Q g1=Q 57. Qe5 Qa7+ 58. Kb5 Qb7+ 59. Kc4
Qa6+ 60. Qb5 Qa8 1-0

[Event "LGA Premium Cup"]
[Site "schach.lga.de"]
[Date "2005.09.11"]
[Round "7.48"]
[White "Seeger, Peter"]
[Black "Runte, Dirk"]
[Result "1-0"]
[WhiteElo "2116"]
[BlackElo "1604"]
[PlyCount "55"]
[EventDate "2005.09.11"]
[SourceDate " "]

1. d4 Nf6 2. c4 g6 3. Nc3 d5 4. cxd5 Nxd5 5. e4 Nxc3 6. bxc3 Bg7 7. Bc4 O-O 8.
Ne2 c5 9. Be3 Qa5 10. O-O Rd8 11. Rb1 cxd4 12. cxd4 Nc6 13. d5 Qa3 14. Bd2 Qd6
15. dxc6 Qxd2 16. Qxd2 Rxd2 17. cxb7 Bxb7 18. Rxb7 Rc8 19. Bb5 Rxa2 20. Nf4
Rcc2 21. Rxe7 a6 22. Bd3 Rc8 23. Ra7 a5 24. Nd5 Rb8 25. Bc4 Rd2 26. Rxa5 Rbb2
27. Rb5 Rbc2 28. Ne3 1-0

[Event "LGA Premium Cup"]
[Site "schach.lga.de"]
[Date "2005.09.11"]
[Round "7.49"]
[White "Kirch, Florian"]
[Black "Classen, Anton"]
[Result "1-0"]
[WhiteElo "1821"]
[BlackElo "1546"]
[PlyCount "79"]
[EventDate "2005.09.11"]
[SourceDate " "]

1. d4 d5 2. c4 e6 3. Nc3 Nf6 4. cxd5 exd5 5. Bg5 Nbd7 6. e3 c6 7. Bd3 Be7 8.
Nf3 O-O 9. O-O Re8 10. Qc2 Nf8 11. a3 Bg4 12. Nd2 Rc8 13. b4 a6 14. Rfb1 h6 15.
Bh4 Bh5 16. a4 Bg6 17. b5 cxb5 18. axb5 a5 19. Bxg6 Nxg6 20. Bxf6 gxf6 21. Qd3
b6 22. Rc1 Qd7 23. Rc2 Nh4 24. Rac1 Qg4 25. g3 Nf3+ 26. Nxf3 Qxf3 27. Nxd5 Rxc2
28. Nxe7+ Rxe7 29. Rxc2 Qa8 30. Rc6 Rb7 31. d5 a4 32. d6 Qd8 33. Qc2 Rb8 34.
Qxa4 Ra8 35. Qd4 Qd7 36. Rxb6 Qf5 37. d7 Qb1+ 38. Kg2 Ra1 39. d8=Q+ Kh7 40.
Qd3+ 1-0

[Event "LGA Premium Cup"]
[Site "schach.lga.de"]
[Date "2005.09.11"]
[Round "7.50"]
[White "Bilyavskyy, Borys"]
[Black "Wittmann, Norbert"]
[Result "1/2-1/2"]
[WhiteElo "1813"]
[BlackElo "1568"]
[PlyCount "72"]
[EventDate "2005.09.11"]
[SourceDate " "]

1. e4 d5 2. exd5 Nf6 3. d4 Nxd5 4. c4 Nb6 5. Nf3 Bg4 6. Be2 e6 7. O-O Nc6 8. b3
Be7 9. Bb2 O-O 10. Na3 Bf6 11. Nc2 Qe7 12. Ba3 Qd7 13. Bxf8 Kxf8 14. Qd2 Bxf3
15. Bxf3 Nxd4 16. Nxd4 Bxd4 17. Rad1 c5 18. Qf4 e5 19. Qe4 f5 20. Qxb7 e4 21.
Qxd7 Nxd7 22. Be2 a5 23. g3 Ne5 24. Kg2 g6 25. h4 h5 26. Rb1 Rb8 27. Rfd1 Nc6
28. a3 Ke7 29. f3 Ne5 30. fxe4 fxe4 31. b4 axb4 32. axb4 Rf8 33. Rf1 Ra8 34.
Rfd1 Rf8 35. Rf1 Ra8 36. Rfd1 Rf8 1/2-1/2

[Event "LGA Premium Cup"]
[Site "schach.lga.de"]
[Date "2005.09.11"]
[Round "7.51"]
[White "Hintyes, Helmuth"]
[Black "Thoma, Dirk"]
[Result "1-0"]
[WhiteElo "1809"]
[BlackElo "1487"]
[PlyCount "43"]
[EventDate "2005.09.11"]
[SourceDate " "]

1. c4 e5 2. e3 Nf6 3. Nc3 c5 4. Nf3 d6 5. d4 e4 6. Ng5 Bf5 7. Qc2 cxd4 8. exd4
Qa5 9. Bd2 e3 10. Qb3 exd2+ 11. Kxd2 Bc8 12. c5 d5 13. Bb5+ Nc6 14. Rae1+ Be7
15. Re2 Ne4+ 16. Rxe4 Be6 17. Rxe6 fxe6 18. Nxe6 Kf7 19. Qxd5 Raf8 20. Ng5+ Ke8
21. Bxc6+ bxc6 22. Qxc6+ 1-0

[Event "LGA Premium Cup"]
[Site "schach.lga.de"]
[Date "2005.09.11"]
[Round "7.52"]
[White "Königl, Anton"]
[Black "Mons, Leon"]
[Result "1-0"]
[WhiteElo "1769"]
[BlackElo "1322"]
[PlyCount "41"]
[EventDate "2005.09.11"]
[SourceDate " "]

1. e4 e5 2. Nf3 Nc6 3. d4 exd4 4. Bc4 Bb4+ 5. c3 dxc3 6. bxc3 Ba5 7. Qd5 Qe7 8.
Bg5 f6 9. Bf4 Bb6 10. O-O d6 11. a4 a6 12. a5 Bc5 13. Nbd2 Bd7 14. Nb3 Ba7 15.
Rfe1 Nd8 16. Nbd4 g6 17. e5 Bc6 18. Nxc6 bxc6 19. Qd3 d5 20. exf6 dxc4 21.
Rxe7+ 1-0

[Event "LGA Premium Cup"]
[Site "schach.lga.de"]
[Date "2005.09.11"]
[Round "7.54"]
[White "Rosenzweig, Jürgen"]
[Black "Classen, Andrej"]
[Result "1/2-1/2"]
[WhiteElo "1604"]
[BlackElo "1718"]
[PlyCount "66"]
[EventDate "2005.09.11"]
[SourceDate " "]

1. e4 Nf6 2. d3 d5 3. Nd2 e5 4. Ngf3 Nc6 5. Be2 Bc5 6. O-O O-O 7. Nb3 Be7 8.
exd5 Nxd5 9. Re1 Bf5 10. a3 Qd7 11. Bg5 f6 12. Bh4 Rad8 13. Bg3 Rfe8 14. Nh4
Be6 15. Bh5 Rf8 16. Nd2 g6 17. Be2 f5 18. Nhf3 Bd6 19. Ng5 h6 20. Nxe6 Qxe6 21.
h3 Rde8 22. Bf1 Qf6 23. c4 Nb6 24. b4 Nd7 25. c5 Be7 26. f4 Bd8 27. fxe5 Ncxe5
28. d4 Nf7 29. Rxe8 Rxe8 30. Nf3 Ng5 31. Bc4+ Kh7 32. Nxg5+ Qxg5 33. Bf2 Nf6
1/2-1/2

[Event "LGA Premium Cup"]
[Site "schach.lga.de"]
[Date "2005.09.11"]
[Round "7.55"]
[White "Sha, Siyu"]
[Black "Beuschel, Uwe"]
[Result "1-0"]
[WhiteElo "1697"]
[BlackElo "1405"]
[PlyCount "76"]
[EventDate "2005.09.11"]
[SourceDate " "]

1. e4 e5 2. Nf3 Nc6 3. Bb5 a6 4. Ba4 Bc5 5. O-O b5 6. Bb3 Bb7 7. Re1 Bb6 8. c3
Nf6 9. Bc2 O-O 10. d4 Re8 11. d5 Ne7 12. Nxe5 d6 13. Nf3 Ng6 14. h3 c6 15. dxc6
Bxc6 16. Nbd2 Qc7 17. Nd4 Bd7 18. Nf1 Qc8 19. Bg5 Bd8 20. Nf5 Nxe4 21. Rxe4
Bxg5 22. Nxd6 Qc5 23. Nxe8 Bxe8 24. Qd4 Qc7 25. Rae1 Bc6 26. R4e2 Rd8 27. Qg4
Bf6 28. Ng3 Nf4 29. Qf5 Nxe2+ 30. Rxe2 Kf8 31. Qxh7 g6 32. Bxg6 Rd1+ 33. Kh2
Bd5 34. Be4 Be6 35. Bc2 Rd5 36. Rxe6 Rh5 37. Qxh5 fxe6 38. Qh6+ Ke7 1-0

[Event "LGA Premium Cup"]
[Site "schach.lga.de"]
[Date "2005.09.11"]
[Round "7.56"]
[White "Kittler, Alexander"]
[Black "Bildt, Maximilian"]
[Result "0-1"]
[WhiteElo "1389"]
[BlackElo "1654"]
[PlyCount "116"]
[EventDate "2005.09.11"]
[SourceDate " "]

1. e4 c5 2. d4 cxd4 3. c3 dxc3 4. Nxc3 Nc6 5. Bc4 e6 6. Nf3 Na5 7. Bb5 a6 8.
Ba4 b5 9. Bc2 Bb7 10. O-O Nf6 11. Qe2 Be7 12. Bf4 O-O 13. Rad1 Qb6 14. Ng5 h6
15. Nh3 b4 16. Nb1 Qc6 17. Rfe1 Rac8 18. Bd3 Rfd8 19. Qf3 Nc4 20. Bxc4 Qxc4 21.
b3 Qc2 22. Rd2 Qc6 23. Rde2 d5 24. exd5 Qxd5 25. Qxd5 Nxd5 26. Bc1 Rc6 27. Bb2
Rdc8 28. Re4 Rc2 29. R4e2 a5 30. f3 Ba6 31. Rxc2 Rxc2 32. Bd4 Rxa2 33. Nf2 Bf6
34. Bxf6 Nxf6 35. Rd1 Rb2 36. Rd8+ Kh7 37. Nd2 Nd5 38. Nfe4 f5 39. Rd6 Bd3 40.
Nc4 Rb1+ 41. Kf2 fxe4 42. fxe4 Bxe4 43. Nxa5 Rb2+ 44. Ke1 Bf5 45. Kd1 Rxg2 46.
h4 Rh2 47. Ke1 Rxh4 48. Kf2 Rg4 49. Kf3 h5 50. Rc6 h4 51. Rc1 Rg3+ 52. Kf2 g5
53. Ra1 Be4 54. Rc1 Rg2+ 55. Kf1 Ne3+ 56. Ke1 Rg1+ 57. Kd2 Rxc1 58. Kxc1 h3 0-1

[Event "LGA Premium Cup"]
[Site "schach.lga.de"]
[Date "2005.09.11"]
[Round "7.57"]
[White "Nöttling, Dominik"]
[Black "Hager, Lothar"]
[Result "1/2-1/2"]
[WhiteElo "1213"]
[BlackElo "1625"]
[PlyCount "55"]
[EventDate "2005.09.11"]
[SourceDate " "]

1. e4 c5 2. Nf3 e6 3. Be2 a6 4. O-O Nc6 5. a4 d6 6. Nc3 Bd7 7. d3 Be7 8. Be3
Nf6 9. Qd2 e5 10. Rad1 Nd4 11. b3 Ng4 12. Nd5 Nxe2+ 13. Qxe2 Nxe3 14. fxe3 O-O
15. a5 Bg4 16. Nb6 Rb8 17. Qf2 Qe8 18. Qg3 Be6 19. Ng5 Bxg5 20. Qxg5 f6 21. Qg3
Rd8 22. Rf2 Rf7 23. Rdf1 Qe7 24. h4 Rdf8 25. h5 h6 26. Qg6 Kh8 27. Rf3 Rg8 28.
Rg3 1/2-1/2

[Event "LGA Premium Cup"]
[Site "schach.lga.de"]
[Date "2005.09.11"]
[Round "7.58"]
[White "Narr, Irmgard"]
[Black "Frey, Alisa"]
[Result "0-1"]
[WhiteElo "1692"]
[BlackElo "1520"]
[PlyCount "60"]
[EventDate "2005.09.11"]
[SourceDate " "]

1. e4 e5 2. Nf3 Nc6 3. Bc4 Nf6 4. d3 Bc5 5. h3 d6 6. Bg5 h6 7. Bh4 Be6 8. Bb5
g5 9. Bg3 Qd7 10. Nbd2 O-O-O 11. c3 a6 12. Ba4 b5 13. Bb3 g4 14. Bxe6 Qxe6 15.
hxg4 Nxg4 16. Nh4 Ne7 17. b4 Bb6 18. a4 Kb7 19. axb5 axb5 20. Qf3 Ra8 21. O-O
h5 22. Nf5 Ng6 23. c4 h4 24. Qxg4 hxg3 25. Qxg3 Nf4 26. Qf3 Rag8 27. g3 Qg6 28.
d4 Qh7 29. Rfc1 Qh2+ 30. Kf1 Qh1+ 0-1